000 00490nam a22001937a 4500
003 MPLRDC
005 20220104144511.0
008 210129b ||||| |||| 00| 0 eng d
020 _a7-80093-064-5
082 _a859.6 FYP
100 _a林世敏著, 刘宗铭绘
245 _a99个儿童的梦, 儿童幻想故事集
_c
250 _a初版
260 _a
_b中国环境科学出版社
_c1994
300 _b
490 _a小九九丛书
650 _a
942 _cBK
_o859.6 FYP
999 _c50227
_d50217